Detection of subsurface hazardous waste containers by nondestructive techniques

Αποθηκεύτηκε σε:
Λεπτομέρειες βιβλιογραφικής εγγραφής
Κύριος συγγραφέας: Lord, Arthur E.
Μορφή: Βιβλίο
Γλώσσα:English
Δημοσίευση: New Jersey : Noyes Data Corporation, c1990
Σειρά:Pollution technology review ; ; 172
Θέματα:
Ετικέτες: Προσθήκη ετικέτας
Δεν υπάρχουν, Καταχωρήστε ετικέτα πρώτοι!

MARC

LEADER 00000nam a2200000 i 4500
001 1/17429
008 981006s1990 eng d
020 |a 0-8155-1224-4 
035 |l 10020555 
040 |a GR-MY-UA  |b gre  |e aacr 
041 0 |a eng 
082 0 |a 628.55 
100 1 |a Lord, Arthur E. 
245 1 0 |a Detection of subsurface hazardous waste containers by nondestructive techniques /  |c Arthur E. Lord; Robert M. Koerner 
260 |a New Jersey :   |b Noyes Data Corporation,   |c c1990 
300 |a 83 p.  |b fig.; tabl. 
490 1 |a Pollution technology review  |v ; 172 
504 |a Includes bibliographical references 
650 0 0 |a Hazardous waste sites  |x Remote sensing. 
650 0 0 |a Waste disposal in the ground  |x Remote sensing. 
830 0 |a Pollution technology review ;  |v ; 172 
852 |a INST  |b LESVOS  |e 19981006  |h 628.55 LOR  |p 005100018224  |q 005100018224  |t BK  |y 0 
901 |a BIBL-1999-1 
909 |a Λ  |b 059301 
922 |a 1ΕΛΗ  |b 199809  |c ΚΠΣ/ΤΠ  |d ΠΑΠΑΣΩΤΗΡΙΟΥ 
950 |a 107-1998-05-27